| 000 | 00727cab a2200265 4500 | ||
|---|---|---|---|
| 001 | X2659 | ||
| 008 | 090401t1991 xxu||||| |||| 00| 0 eng d | ||
| 035 | _a(Sirsi) u25636 | ||
| 041 | _aeng | ||
| 100 | _aGrant, M. | ||
| 245 | _aDevelopment and the protection of birds: the Swale decision | ||
| 260 | _c1991 | ||
| 350 | _a0 | ||
| 490 |
_aJournal of Environmental Law _v3(1) 1991, 135-152(20) |
||
| 650 | _aBIRDS | ||
| 650 | _aDEVELOPMENT | ||
| 650 | _aEC DIRECTIVE ON CONSERVATION OF WILD BIRDS | ||
| 650 | _aENVIRONMENTAL ASSESSMENT | ||
| 650 | _aR V SWALE BC AND ANOTHER EX P RSPB | ||
| 650 | _aRSPB | ||
| 650 | _aSITES OF SPECIAL SCIENTIFIC INTEREST | ||
| 690 | _aCON | ||
| 942 | _n0 | ||
| 948 | _c04/03/1997 | ||
| 999 |
_c17224 _d17224 |
||